| 000 | 00979nam a22002415i 4500 | ||
|---|---|---|---|
| 001 | 12218 | ||
| 003 | ES-MaACL | ||
| 005 | 20230906150251.0 | ||
| 008 | 950314s1994 sp ||||0| spa | ||
| 020 | _a84-8155-038-8 | ||
| 080 | _a351.852/.853(460.27) | ||
| 100 | 1 |
_aBenítez de Lugo Enrich, Luis. _927631 |
|
| 245 | 1 | 0 |
_aDeterminación de estrategias para la mejora de la rentabilidad social del patrimonio histórico de la Comunidad de Madrid / _cLuis Benítez de Lugo Enrich, Juana Ibáñez Fúnez, Elena Rodríguez San Julián. |
| 260 |
_aMadrid : _bDykinson, _c[1994] |
||
| 300 |
_a190 p. : _bgráf. ; _c24 cm. |
||
| 504 | _aBibliografía: p. 159-169. | ||
| 594 | _aEn port.: Asociación Contexto. | ||
| 650 | 1 | 4 |
_aPatrimonio cultural- _xProtección- _zMadrid (Comunidad Autónoma) _9171255 |
| 700 | 1 |
_aIbáñez Fúnez, Juana. _964925 |
|
| 700 | 1 |
_aRodríguez San Julián, Elena. _998794 |
|
| 710 | 2 |
_aAsociación Contexto (Madrid) _91523 |
|
| 852 |
_aES-MaACL _jL-19568 |
||
| 999 |
_c12218 _d12218 |
||